Finish the TV Show Titles II Quiz Stats

 Plays Quiz Updated Mar 9, 2015

Also try: Finish the TV Show
Challenge
Share
Tweet
Embed
Score 0/30 Timer 04:00
4 Plays Today
Hint Answer % Correct
Two and a Half...Men
98.2%
Everybody Loves...Raymond
97.9%
The Walking...Dead
97.6%
Orange is the New...Black
97.3%
Game of...Thrones
97%
Desperate...Housewives
95.8%
Modern...Family
95.4%
Six Feet...Under
95.2%
Gilmore...Girls
94.6%
The Dukes of...Hazzard
94.4%
Arrested...Development
93.4%
One Tree...Hill
92.6%
Dawson's...Creek
92%
American Horror...Story
91.7%
The Facts of...Life
91.5%
Hint Answer % Correct
Starsky and...Hutch
91.1%
Little House on the...Prairie
90.5%
Pretty Little...Liars
90.3%
Three's...Company
89.4%
Freaks and...Geeks
88.2%
Melrose...Place
87%
The Wonder...Years
81.4%
The King of...Queens
76.9%
Quantum...Leap
76.2%
Avatar: The Last...Airbender
71.7%
I Dream of...Jeannie
69.5%
Hill Street...Blues
68.4%
Punky...Brewster
66.9%
The Adventures of Ozzie and...Harriet
54.7%
The Greatest American...Hero
54%

You're not logged in!

Compare scores with friends on all Sporcle quizzes.
OR
Log In

You Might Also Like...

Show Comments

Extras

Top Quizzes Today


Score Distribution

Your Account Isn't Verified!

In order to create a playlist on Sporcle, you need to verify the email address you used during registration. Go to your Sporcle Settings to finish the process.

Report this User

Report this user for behavior that violates our Community Guidelines.

Details: